000 00310 a2200121 4500
005 20250617173620.0
082 _a320.531 LIO
245 _aSocialism In Tanzania Vol.1 Politics.
260 _aNairobi,
_bAest African House,
_c1972.
300 _a346p.:.
_c24cm.
700 _aLIONEL, C. & JOHN S.
942 _2ddc
_cBKS
999 _c292
_d292